MARC

LEADER 00000nam0a2200000 4500
001 17462
005 20231101205140.0
010 |a 5020121118 
035 |a (RuTPU)RU\TPU\book\17606 
035 |a BOOK00002294 
090 |a 17462 
100 |a 20011209d1993 k y0rusy50 ca 
101 0 |a rus 
102 |a RU 
105 |a y z 000zy 
200 1 |a Импорт сырья: проблемы и перспективы  |f А. А. Грин, И. Н. Зимин  |g Российская академия наук; Комиссия по изучению производительных сил и природных ресурсов 
210 |a Москва  |c Наука  |d 1993 
215 |a 79 с. 
610 1 |a экономика 
610 1 |a мировая экономика 
610 1 |a мировая торговля 
610 1 |a внешнеэкономические связи 
610 1 |a минеральное сырье 
610 1 |a импорт 
686 |a У9(2)8  |v LBC/SL-A  |2 rubbk 
700 1 |a Грин  |b А. С.  |c русский писатель  |c Гриневский - настоящая фамилия  |f 1880-1932  |g Александр Степанович  |2 stltpush  |3 (RuTPU)RU\TPU\pers\1336  |4 070  |9 598 
701 1 |a Зимин  |b И. Н.  |g Игорь Николаевич 
712 0 2 |a Российская академия наук  |2 stltpush  |3 (RuTPU)RU\TPU\col\51 
712 0 2 |a Комиссия по изучению производительных сил и природных ресурсов 
801 0 |a RU  |b 63413507  |c 20011209  |g PSBO 
801 2 |a RU  |b 63413507  |c 20150610  |g PSBO 
942 |c BK